Normal view
MARC view
- Adelaide, Debra.
Entry Personal Name
001 - CONTROL NUMBER
- control field: 26820
003 - CONTROL NUMBER IDENTIFIER
- control field: NUST
005 - DATE AND TIME OF LATEST TRANSACTION
- control field: 20191212120024.0
008 - FIXED-LENGTH DATA ELEMENTS
- fixed length control field: 191212|| aca||aabn | a|a d
040 ## - CATALOGING SOURCE
- Original cataloging agency: NUST
- Transcribing agency: NUST
100 ## - HEADING--PERSONAL NAME
- Personal name: Adelaide, Debra.
670 ## - SOURCE DATA FOUND
- Source citation: Work cat.: (NUST)0: Adelaide, Debra., The household guide to dying /, 2007.
